[Event "Landesliga U20 Nord 1112"]
[Site "Bayern"]
[Date "2012.01.21"]
[Round "5.3"]
[White "Nemeth Csoka, Mihaly"]
[Black "Chen, Yilun"]
[Result "1-0"]
[WhiteElo "1803"]
[BlackElo "1530"]
[PlyCount "113"]
[EventDate "2011.11.12"]
[EventType "team-tourn"]
[EventRounds "7"]
[EventCountry "GER"]
[SourceTitle "EXT 2022"]
[Source "ChessBase"]
[SourceDate "2021.10.06"]
[SourceVersion "1"]
[SourceVersionDate "2021.10.06"]
[SourceQuality "1"]
[WhiteTeam "Grossenseebach U20"]
[BlackTeam "Nuernberg NT U20"]
[WhiteTeamCountry "GER"]
[BlackTeamCountry "GER"]

1. e4 e5 2. Nf3 Nc6 3. Bc4 Nf6 4. Ng5 d5 5. exd5 Na5 6. Bb5+ Bd7 7. Qe2 a6 8. Qxe5+ Be7 9. Bxd7+ Qxd7 10. 0-0 0-0 11. d6 Nc6 12. Qc3 Qxd6 13. d3 Rfe8 14. Qb3 Nd5 15. Nc3 Red8 16. Nge4 Qe5 17. Nxd5 Qxd5 18. Be3 Qxb3 19. axb3 Nb4 20. Rac1 Re8 21. Rfe1 Rad8 22. Kf1 b6 23. Bf4 Bd6 24. Nxd6 Rxe1+ 25. Kxe1 cxd6 26. Kd2 f6 27. Re1 Kf7 28. Be3 Rc8 29. c3 Nd5 30. Bd4 Rb8 31. c4 Nf4 32. g3 Ng6 33. f4 Ne7 34. g4 g6 35. h4 Nc6 36. Bc3 Ne7 37. h5 Rc8 38. hxg6+ hxg6 39. Rh1 Re8 40. d4 Kg7 41. d5 Ng8 42. Re1 Rd8 43. g5 Kf7 44. Re6 f5 45. Bb4 b5 46. Bxd6 a5 47. c5 Ne7 48. Rxe7+ Kf8 49. Rd7+ Ke8 50. Rxd8+ Kxd8 51. Kd3 Kd7 52. Kd4 Kd8 53. Ke5 Kd7 54. Kf6 Ke8 55. Kxg6 Kd7 56. Kxf5 Kc8 57. g6 1-0

[Event "GER-chT U14"]
[Site "Magdeburg"]
[Date "2010.12.29"]
[Round "6.4"]
[White "Chen, Yilun"]
[Black "Sander, Jean Louis"]
[Result "0-1"]
[WhiteElo "1420"]
[BlackElo "1782"]
[PlyCount "62"]
[EventDate "2010.12.27"]
[EventType "team-swiss"]
[EventRounds "7"]
[EventCountry "GER"]
[SourceTitle "CBM 140 Extra"]
[Source "ChessBase"]
[SourceDate "2011.03.01"]
[SourceVersion "1"]
[SourceVersionDate "2011.03.01"]
[SourceQuality "1"]
[WhiteTeam "Nuernberg NT"]
[BlackTeam "Hamburger SK"]
[WhiteTeamCountry "GER"]
[BlackTeamCountry "GER"]

1. e4 c5 2. Nf3 d6 3. d4 cxd4 4. Nxd4 Nf6 5. Nc3 a6 6. f3 e5 7. Nb3 Be6 8. Be3 Be7 9. Qd2 0-0 10. 0-0-0 Nbd7 11. g4 b5 12. h4 b4 13. Ne2 a5 14. Kb1 Nb6 15. Ng3 Qb8 16. h5 Nc8 17. g5 Ne8 18. g6 a4 19. Na1 b3 20. a3 bxc2+ 21. Nxc2 Qb3 22. gxf7+ Rxf7 23. Qb4 Qa2+ 24. Kc1 d5 25. Qb7 Bxa3 26. Qxa8 Qxb2+ 27. Kd2 Bb4+ 28. Ke2 Qxc2+ 29. Bd2 Rxf3 30. exd5 Qd3+ 31. Ke1 Qe3+ 0-1

[Event "GER-chT U14"]
[Site "Magdeburg"]
[Date "2010.12.27"]
[Round "2.4"]
[White "Scheuch, Benjamin"]
[Black "Chen, Yilun"]
[Result "1-0"]
[WhiteElo "1510"]
[BlackElo "1420"]
[PlyCount "83"]
[EventDate "2010.12.27"]
[EventType "team-swiss"]
[EventRounds "7"]
[EventCountry "GER"]
[SourceTitle "CBM 140 Extra"]
[Source "ChessBase"]
[SourceDate "2011.03.01"]
[SourceVersion "1"]
[SourceVersionDate "2011.03.01"]
[SourceQuality "1"]
[WhiteTeam "Erfurt Empor"]
[BlackTeam "Nuernberg NT"]
[WhiteTeamCountry "GER"]
[BlackTeamCountry "GER"]

1. e4 e5 2. Nf3 Nc6 3. Bc4 Bc5 4. c3 d6 5. d4 Bb6 6. Be3 Nce7 7. dxe5 Bxe3 8. fxe3 dxe5 9. Qxd8+ Kxd8 10. Nxe5 Ke8 11. Nxf7 Nf6 12. Nxh8 Nxe4 13. Nf7 Nf5 14. Ke2 Nh4 15. Ne5 Bf5 16. Rf1 Nd6 17. Bd3 Be6 18. Nd2 Rd8 19. Bxh7 Nxg2 20. Rg1 Bh3 21. Rad1 Ke7 22. Ne4 Nxe4 23. Rxd8 Nxc3+ 24. bxc3 Kxd8 25. Be4 Nh4 26. Nf3 Nxf3 27. Bxf3 Kc8 28. Bg4+ Bxg4+ 29. Rxg4 b6 30. Rxg7 Kb7 31. h4 Ka6 32. h5 c5 33. h6 Kb5 34. h7 a5 35. h8Q Ka4 36. Qe8+ Ka3 37. Qe4 b5 38. Qb1 a4 39. Qc1+ Kxa2 40. Qc2+ Ka3 41. Rg1 c4 42. Ra1# 1-0

[Event "Nuremberg Zabo op 12th"]
[Site "Nuremberg"]
[Date "2010.09.17"]
[Round "1"]
[White "Chen, Yilun"]
[Black "Werner, Thomas1111"]
[Result "0-1"]
[WhiteElo "1420"]
[BlackElo "1936"]
[PlyCount "84"]
[EventDate "2010.09.17"]
[EventType "swiss"]
[EventRounds "5"]
[EventCountry "GER"]
[SourceTitle "EXT 2011"]
[Source "ChessBase"]
[SourceDate "2010.11.26"]
[SourceVersion "1"]
[SourceVersionDate "2010.11.26"]
[SourceQuality "1"]

1. e4 c6 2. d4 d5 3. exd5 cxd5 4. c3 Nc6 5. Nf3 Bg4 6. h3 Bh5 7. Bf4 e6 8. Bd3 Bd6 9. Bxd6 Qxd6 10. 0-0 Nf6 11. Nbd2 Bg6 12. Qc2 Bxd3 13. Qxd3 0-0 14. Rfe1 Rab8 15. Rac1 b5 16. a3 a5 17. b4 Rfc8 18. Ne5 axb4 19. axb4 Nd7 20. Nxd7 Qxd7 21. Nf3 Ne7 22. Ne5 Qc7 23. Qf3 Nf5 24. Qf4 Ra8 25. Rc2 Ra3 26. Rec1 f6 27. Nd3 Qxf4 28. Nxf4 Kf7 29. Kf1 g5 30. Ne2 Nd6 31. Re1 Ra6 32. Nc1 Ne4 33. Re3 Rac6 34. Ne2 Ra8 35. f3 Ra1+ 36. Nc1 Nd2+ 37. Ke2 Nc4 38. Rd3 Rb1 39. Kd1 Nb2+ 40. Kd2 Nxd3 41. Kxd3 e5 42. Ke3 Rxb4 0-1

[Event "Nuremberg Zabo op 11th"]
[Site "Nuremberg"]
[Date "2009.09.19"]
[Round "3"]
[White "Chen, Yilun"]
[Black "Nittel, Christian"]
[Result "0-1"]
[WhiteElo "1042"]
[BlackElo "1723"]
[PlyCount "66"]
[EventDate "2009.09.18"]
[EventType "swiss"]
[EventRounds "5"]
[EventCountry "GER"]
[SourceTitle "EXT 2012"]
[Source "ChessBase"]
[SourceDate "2011.11.24"]
[SourceVersion "1"]
[SourceVersionDate "2011.11.24"]
[SourceQuality "1"]

1. e4 c6 2. d4 d5 3. Nc3 dxe4 4. Nxe4 Nd7 5. Nf3 Ngf6 6. Nc3 e6 7. Bf4 Be7 8. Bc4 Nb6 9. Bd3 Nbd5 10. Bg3 Bb4 11. Qd2 Qa5 12. 0-0 Nxc3 13. bxc3 Bxc3 14. Qf4 Bxa1 15. Rxa1 Nh5 16. Qg4 Nxg3 17. Qxg7 Rf8 18. Qxg3 Bd7 19. Ng5 Rg8 20. h4 h6 21. Bh7 Rg7 22. Be4 hxg5 23. c4 Qd2 24. Kh1 Qxd4 25. f3 Qxa1+ 26. Kh2 0-0-0 27. h5 Qf6 28. Qh3 e5 29. g4 Qf4+ 30. Kg2 Be6 31. h6 Rd2+ 32. Kg1 Qe3+ 33. Kf1 Qf2# 0-1